Platero y yo: elegía andaluza, 1907-1916
Uloženo v:
| Hlavní autor: | |
|---|---|
| Médium: | Kniha |
| Jazyk: | španělština |
| Vydáno: |
Madrid
Alianza
1982
|
| Vydání: | 2a. ed |
| Edice: | Literatura, 851
|
| Témata: | |
| Tagy: |
Přidat tag
Žádné tagy, Buďte první, kdo vytvoří štítek k tomuto záznamu!
|
MARC
| LEADER | 00000cam a2200000 a 4500 | ||
|---|---|---|---|
| 001 | UCE9964 | ||
| 003 | CL-VaPUC | ||
| 008 | 151112e19820000sp |||||||||||||||||spa|d | ||
| 020 | |a 8420618519 | ||
| 082 | 0 | 4 | |a 861 |b JIM |2 21 |
| 100 | |a Jiménez, Juan Ramón |e author |9 330181 | ||
| 245 | 1 | 0 | |a Platero y yo: elegía andaluza, 1907-1916 |
| 250 | |a 2a. ed | ||
| 300 | |a 179 p | ||
| 942 | |c BK | ||
| 945 | |d 20151112 20:22:00 |a dcastane | ||
| 260 | |a Madrid |b Alianza |c 1982 | ||
| 650 | 7 | |a PROSA POETICA ESPAÑOLA |2 CL-VaPUC |9 309004 | |
| 650 | 0 | |a Literatura española |9 306261 | |
| 583 | |a last modification |c 20151112 20:22:00 |k Rodrigo Vera | ||
| 490 | 0 | |a Literatura, 851 | |
| 999 | |c 361598 |d 361596 | ||
| 952 | |0 0 |1 0 |3 erb |4 0 |6 861_000000000000000_JIM_1982 |7 0 |8 A |9 472195 |a BIBEDU |b BIBEDU |i 5249120 |o 861 JIM 1982 |p 5249120 |r 2019-11-24 |w 2019-11-24 |y BK |z Catalogado en:20151112 |k LIT | ||